| 000 | 00349 a2200157 4500 | ||
|---|---|---|---|
| 001 | 57646 | ||
| 020 | _a | ||
| 040 | _cAnchieta - Pituba | ||
| 100 | _aNeves, Jorge Henrique | ||
| 240 | 1 | 0 |
_aMatemática binômio de Newton _lpor |
| 245 | 1 | 0 | _aMatemática binômio de Newton |
| 300 | _a48 | ||
| 362 | 0 | _a1999 | |
| 650 | 4 | _aAritmética | |
| 942 | _cBK | ||
| 999 |
_c57646 _d57646 |
||